[Event "Linares"]
[Site "10"]
[Date "1992.??.??"]
[Round "3"]
[White "Gelfand, Boris"]
[Black "Timman, Jan"]
[Result "1/2-1/2"]
[WhiteElo "2665"]
[BlackElo "2620"]
[Annotator "JvR"]
[PlyCount "91"]
[EventDate "1992.??.??"]

1. d4 d5 2. c4 c6 3. Nf3 Nf6 4. Nc3 e6 5. e3 Nbd7 6. Bd3 dxc4 7. Bxc4 b5 8. Bd3
Bb7 9. O-O a6 10. e4 c5 11. d5 c4 12. Bc2 Qc7 13. Qe2 Bd6 14. Bg5 O-O-O 15.
Rfd1 h6 16. Bxf6 gxf6 17. b3 $2 Bb4 $1 18. dxe6 fxe6 19. Nb1 Ne5 20. Nbd2 c3
21. Nf1 Bc5 22. Nxe5 fxe5 23. Rxd8+ Rxd8 24. Kh1 Qb6 25. f3 Qa5 26. a4 Bb6 27.
Rd1 Rxd1 28. Qxd1 Qb4 $2 {Black misses the opportunity to apply a tight
beleaguerment.} (28... b4 $1 29. Ng3 Qc5 30. Ne2 Qe3 31. Nc1 a5 $1 32. Nd3 Bd4
33. Nc1 Ba6 {leads to slow suffocation.}) 29. axb5 axb5 30. Ng3 Be3 31. Ne2 Qc5
32. Nc1 Bxc1 33. Qxc1 Kc7 34. Qxh6 Qf2 35. Qc1 b4 36. Bd3 Kb6 37. Qg1 Qd4 38.
h4 Ba6 39. Bc2 Kb7 40. h5 Qd8 41. Qf2 Bd3 42. Qc5 Qh4+ 43. Kg1 Qe1+ 44. Kh2
Qh4+ 45. Kg1 Qe1+ 46. Kh2 {Timman had missed chances in three games.} 1/2-1/2

[Event "Linares"]
[Site "10"]
[Date "1992.??.??"]
[Round "4"]
[White "Kasparov, Gary"]
[Black "Anand, Viswanathan"]
[Result "1/2-1/2"]
[WhiteElo "2780"]
[BlackElo "2670"]
[Annotator "JvR"]
[PlyCount "67"]
[EventDate "1992.??.??"]

1. e4 e6 2. d4 d5 3. Nc3 Bb4 4. e5 c5 5. a3 Bxc3+ 6. bxc3 Ne7 7. h4 Nbc6 8. h5
Qa5 9. Bd2 cxd4 10. cxd4 Qa4 11. Nf3 $5 {Kasparov brings a novelty.} ({The
quiet} 11. c3 Qxd1+ 12. Kxd1 {gives a plus (Stelting-Brunner, Germany 1987).})
11... Nxd4 12. Bd3 Nec6 13. Kf1 $5 Nxf3 14. Qxf3 b6 $2 (14... Qd4 $1 15. Re1
Nxe5 16. Qg3 Nxd3 17. cxd3 {will draw in Fedorowicz-Filatov, Las Vegas 1995.})
15. h6 Ba6 $1 16. hxg7 Rg8 17. Bxa6 Qxa6+ 18. Kg1 Rxg7 19. Qf6 Rg8 20. Rxh7 Qb7
21. Bg5 Nd4 $5 (21... Qe7 22. Qf4 Qf8 $5 23. Rd1 Rh8 {is refuted by} 24. Rxd5
$3 exd5 25. Qf6 $1) 22. c4 $1 Ne2+ 23. Kh2 Nc3 $1 24. Rh8 Rxh8+ 25. Qxh8+ Kd7
26. Qh7 Rf8 $1 27. Bh6 Re8 28. Qxf7+ Re7 29. Qg6 Qb8 $1 30. cxd5 Nxd5 31. Rd1
$2 {Gary misses the win.} ({Right is} 31. f4 $1 Qh8 32. Kg3 $1 Rh7 {(Kasparov),
and now} 33. Rh1 $1 {leads to a victorious restriction of the kingside.}) 31...
Qxe5+ 32. f4 Qh8 33. f5 Qe5+ 34. Kh1 1/2-1/2

[Event "Linares"]
[Site "10"]
[Date "1992.??.??"]
[Round "4"]
[White "Timman, Jan"]
[Black "Bareev, Evgeny"]
[Result "1-0"]
[WhiteElo "2620"]
[BlackElo "2635"]
[Annotator "JvR"]
[PlyCount "79"]
[EventDate "1992.??.??"]

1. e4 e6 2. d4 d5 3. Nc3 Nf6 4. e5 Nfd7 5. f4 c5 6. Nf3 Nc6 7. Be3 a6 8. Qd2 b5
9. Ne2 $5 Bb7 10. g3 Rc8 11. Bh3 g6 12. O-O cxd4 13. Nexd4 Nc5 14. Qe2 Nxd4 15.
Nxd4 h5 16. a3 Ne4 17. Rf3 Bc5 18. Raf1 Bb6 19. c3 Rc4 20. f5 $6 {The fight
begins.} gxf5 21. Bxf5 exf5 22. Rxf5 Bc8 $1 {Black counters immediately.} 23.
Rxf7 Bg4 24. Qd3 Rc7 25. R7f4 Rg8 26. Kh1 Qa8 $2 27. e6 $2 ({White misses the
chance} 27. Nxb5 $1 axb5 28. Bxb6) 27... Re7 28. a4 bxa4 29. Qc2 Bxe6 30. Qxa4+
Bd7 31. Qd1 Bg4 32. Qa4+ Bd7 33. Qd1 Kd8 $1 34. Qxh5 Kc7 35. Rf7 Bxd4 $2 ({The
material plus is kept by} 35... Rxf7 36. Rxf7 Bxd4 37. Bf4+ Kc6 38. cxd4 Qe8)
36. Bf4+ $1 Kb6 $4 {Bareev makes a second blunder in time trouble. He leaves a
rook unprotected!} ({The witty} 36... Kd8 37. Rxe7 Kxe7 38. cxd4 Qe8 39. Qh4+
Ke6 40. Qh3+ Ke7 {ends with a perpetual.}) 37. Rxe7 Nf6 38. Qh4 Rh8 39. Bc7+
Kxc7 40. Qxd4 {Bareev oversteps the time limit in a lost position.} 1-0

[Event "Linares"]
[Site "10"]
[Date "1992.??.??"]
[Round "5"]
[White "Beliavsky, Alexander"]
[Black "Timman, Jan"]
[Result "1-0"]
[WhiteElo "2620"]
[BlackElo "2620"]
[Annotator "JvR"]
[PlyCount "93"]
[EventDate "1992.??.??"]

1. d4 Nf6 2. c4 g6 3. Nc3 Bg7 4. e4 d6 5. Nf3 O-O 6. Be2 e5 7. O-O Nc6 8. d5
Ne7 9. Nd2 c5 10. Rb1 Ne8 11. b4 b6 12. a4 f5 13. a5 Nf6 14. axb6 axb6 15. f3
Bh6 16. Nb3 Bxc1 17. Nxc1 Bd7 18. Nd3 Ra3 19. Qc1 Qa8 20. bxc5 bxc5 21. Ra1 Ra5
$6 ({Right is} 21... Rxa1 22. Qxa1 Rb8) 22. Qb2 Qa7 23. Rxa5 Qxa5 24. Ra1 Qc7
25. Ra6 Nc8 $6 ({White should play} 25... fxe4 26. fxe4 {and now} Nc8) 26. Nf2
$1 Qd8 27. Qd2 Nh5 28. exf5 gxf5 29. g3 Be8 $6 ({More natural is} 29... Nf6 {
(Dautov).}) 30. Ra8 Bg6 31. Nb5 Qf6 32. Qa5 Qe7 33. Qc7 Qxc7 34. Nxc7 Ng7 35.
Nb5 Re8 36. Nd1 h5 37. Kf2 f4 38. Ndc3 fxg3+ 39. hxg3 Rf8 40. Ke1 Bf5 41. Ne4 {
White beleaguers the weakness d6.} Bxe4 $6 ({A firm stand is given by} 41...
Ne8 $1 {but} 42. g4 $1 hxg4 43. fxg4 Bd7 44. g5 $1 Bf5 45. Rb8 Kg7 46. Bh5 Bxe4
47. Rxc8 Bg6 48. Bxg6 Kxg6 49. Nxd6 {wins gracefully.}) 42. fxe4 Re8 43. Ra6
Rd8 44. Bf1 Rf8 45. Bh3 Ne7 46. Nxd6 Rf3 47. Ra8+ 1-0

[Event "Linares"]
[Site "10"]
[Date "1992.??.??"]
[Round "5"]
[White "Gelfand, Boris"]
[Black "Kasparov, Gary"]
[Result "0-1"]
[WhiteElo "2665"]
[BlackElo "2780"]
[Annotator "JvR"]
[PlyCount "120"]
[EventDate "1992.??.??"]

1. d4 Nf6 2. c4 g6 3. Nc3 Bg7 4. e4 d6 5. Be2 O-O 6. Nf3 e5 7. Be3 c6 8. Qd2
exd4 9. Nxd4 Re8 10. f3 d5 11. exd5 cxd5 12. O-O Nc6 13. c5 Rxe3 $5 {Kasparov
has played this sacrifice of the exchange before.} 14. Qxe3 Qf8 15. Ncb5 ({
Gary met} 15. Nxc6 bxc6 {in a previous encounter (Karpov-Kasparov, New York
1990).}) 15... Qxc5 16. Rac1 Qb6 17. Qf2 Bd7 18. Rfd1 Re8 19. Bf1 Bh6 20. Rc3
Nb4 21. Nc2 $2 {Gelfand blunders. White will lose a pawn, and Black keeps a
positional advantage.} Qxf2+ 22. Kxf2 Nxc2 23. Rxc2 Be3+ 24. Ke1 Bf4+ 25. Kf2
Be3+ 26. Ke1 Bg1+ 27. Kd2 Bxh2 28. Re1 Rd8 29. Kd1 Bf4 30. Nd4 a6 31. Bd3 h5
32. Rc3 h4 33. Bc2 Bg3 34. Re2 Kg7 35. Rb3 Rb8 36. Rd2 b5 37. Ra3 Rb6 38. b4
Bd6 39. Rb3 Nh5 40. Ne2 Be6 41. a3 g5 42. Nd4 Kf6 43. Nxe6 fxe6 44. Bd3 Nf4 45.
Rc3 d4 46. Rc8 Nd5 47. Ke2 Bf4 48. Rdc2 Ne3 49. Kf2 Bg3+ 50. Kg1 Nxc2 51. Rxc2
g4 52. fxg4 Kg5 53. Kf1 e5 54. Ke2 Kxg4 55. Rc8 Rf6 56. Be4 Rf2+ 57. Kd3 Bf4
58. Rg8+ Kh5 59. Bd5 Bg5 60. Ke4 Rxg2 0-1

[Event "Linares"]
[Site "10"]
[Date "1992.??.??"]
[Round "6"]
[White "Kasparov, Gary"]
[Black "Speelman, Jonathan"]
[Result "1/2-1/2"]
[WhiteElo "2780"]
[BlackElo "2630"]
[Annotator "JvR"]
[PlyCount "120"]
[EventDate "1992.??.??"]

1. e4 c6 2. d4 d5 3. Nd2 dxe4 4. Nxe4 Nd7 5. Bc4 Ngf6 6. Ng5 e6 7. Qe2 Nb6 8.
Bb3 a5 9. c3 a4 10. Bc2 a3 11. b3 Nbd5 12. Bd2 Bd6 13. N1f3 Nf4 14. Qf1 h6 15.
Ne4 Nxe4 16. Bxe4 O-O 17. g3 Nd5 18. Qe2 c5 19. dxc5 Bxc5 20. Ne5 Qc7 21. O-O
Be3 $5 {Speelman has odd ideas.} 22. fxe3 $1 Qxe5 23. Qd3 Ra6 24. c4 Nf6 25.
Bg2 Rd6 26. Qc3 Qg5 27. Qa5 e5 28. Bb4 Ra6 29. Qb5 Bd7 $6 30. Qxb7 Qxe3+ 31.
Kh1 Ra7 32. Bd2 Qd4 33. Bc3 Qc5 34. Qb4 $6 Qc7 35. c5 $2 Bc6 $2 {Black misses
a great chance.} (35... Rb8 $1 {(Speelman)} 36. Qh4 Qxc5 {grabs a pawn.}) 36.
Qb6 Bxg2+ 37. Kxg2 Nd5 38. Qxc7 Rxc7 39. Bxe5 Rxc5 40. Bd6 Rc2+ 41. Rf2 Rfc8
42. Bxa3 Ne3+ 43. Kg1 Ra8 44. Bb2 Rxf2 45. Kxf2 Nc2 46. Rc1 Nb4 47. Rb1 Rxa2
48. Ke3 f6 49. Kd4 Nc2+ 50. Kc3 Na3 $1 51. Bxa3 Rxa3 52. Kb2 Ra7 53. b4 Kf7 54.
b5 Ke6 55. Kb3 Kd7 56. h4 h5 57. Rc1 Rc7 58. Rd1+ Kc8 59. Rd5 Re7 60. Kc4 Re3
1/2-1/2

[Event "Linares"]
[Site "10"]
[Date "1992.??.??"]
[Round "6"]
[White "Timman, Jan"]
[Black "Jussupow, Artur"]
[Result "1-0"]
[WhiteElo "2620"]
[BlackElo "2655"]
[Annotator "JvR"]
[PlyCount "81"]
[EventDate "1992.??.??"]

1. Nf3 d5 2. g3 c6 3. Bg2 Bg4 4. b3 Nd7 5. Bb2 Ngf6 6. d3 e6 7. O-O Bd6 8. c4
O-O 9. Na3 Re8 10. Nc2 a5 11. Rc1 Bh5 12. Re1 Qb6 13. Rb1 Qa7 14. a3 Rad8 15.
Qd2 e5 16. Nh4 Bc5 17. e3 dxc4 18. bxc4 Bf8 19. d4 Nc5 20. f3 exd4 21. exd4 Nb3
22. Qf4 b5 23. Bf1 Rxe1 24. Rxe1 Bd6 25. Qe3 a4 $2 {Black gives a pawn.} (25...
bxc4 26. Bxc4 a4 {is okay (Timman).}) 26. cxb5 cxb5 27. Bxb5 Qb8 $2 ({Better is
} 27... Rb8 28. Bd3 Qd7) 28. Bxa4 Na5 ({Yussupow has miscalculated} 28... Bxg3
29. hxg3 Qxg3+ 30. Ng2 $1) 29. Bc1 Nc4 30. Qe2 Rc8 31. Bg5 Nd5 32. Bd7 $1 Rc7
33. Bf5 Bf8 34. Qe4 Nc3 35. Qd3 g6 36. g4 gxf5 37. gxh5 Nd5 38. Qxf5 Nd6 39.
Qxd5 Rxc2 40. Bf4 h6 41. Nf5 1-0

[Event "Linares"]
[Site "10"]
[Date "1992.??.??"]
[Round "7"]
[White "Bareev, Evgeny"]
[Black "Kasparov, Gary"]
[Result "1/2-1/2"]
[WhiteElo "2635"]
[BlackElo "2780"]
[Annotator "JvR"]
[PlyCount "95"]
[EventDate "1992.??.??"]

1. d4 Nf6 2. c4 g6 3. Nc3 Bg7 4. e4 d6 5. Be2 O-O 6. Bg5 Na6 7. h4 h6 8. Be3 e5
9. d5 Nc5 10. Qc2 c6 11. h5 g5 12. f3 a5 13. g4 Bd7 14. Nh3 a4 15. Qd2 cxd5 16.
cxd5 Qa5 17. Nb1 Nfxe4 $6 {Kasparov brings life to a dull game.} 18. fxe4 Nxe4
19. Qxa5 Rxa5 20. Nc3 $1 Ng3 21. Rg1 Nxe2 22. Kxe2 e4 23. Rac1 $1 f5 24. gxf5 {
The crucial position has arisen.} Rxf5 $6 ({Bareev analyses the critical line} 
24... Be8 $1 25. Nxg5 $1 hxg5 26. Rxg5 Kh8 {Right is} 27. Rcg1 $1 ({he
continues with} 27. Nxe4 $2 Bxb2) {The pointes are} 27... Bh6 ({and} 27... Bf6
28. Rg6 Bxg6 29. fxg6) 28. Bd4+ Kh7 29. Rg6 $1 Bxg6 30. hxg6+) 25. Nf2 Be8 26.
Rh1 Bb5+ 27. Nxb5 Rxb5 28. Rc8+ Kh7 29. Rd1 $2 ({Later Bareev finds the win} 
29. Rb1 $1 Rfxd5 30. Rc7) 29... Rxb2+ 30. Rd2 a3 $1 31. Rc7 Rxd5 32. Nxe4 Kg8
33. Rcc2 b5 34. Rxd5 Rxc2+ 35. Rd2 Rb2 36. Kd3 d5 37. Nc5 Rb4 38. Ne6 Rh4 39.
Nxg7 Kxg7 40. Bd4+ Kg8 41. Be5 Kf7 42. Re2 Rxh5 43. Kd4 Ke6 44. Bb8+ Kf5 45.
Re3 Rh1 46. Rf3+ Kg4 47. Rg3+ Kf5 48. Rf3+ 1/2-1/2

[Event "Linares"]
[Site "10"]
[Date "1992.??.??"]
[Round "7"]
[White "Ljubojevic, Ljubomir"]
[Black "Timman, Jan"]
[Result "0-1"]
[WhiteElo "2610"]
[BlackElo "2620"]
[Annotator "JvR"]
[PlyCount "120"]
[EventDate "1992.??.??"]

1. d4 Nf6 2. c4 g6 3. Nc3 Bg7 4. e4 d6 5. f3 O-O 6. Be3 e5 7. Nge2 c6 8. Qd2
Nbd7 9. O-O-O a6 10. dxe5 $5 Nxe5 $1 11. Ng3 Be6 $1 12. Qxd6 Qxd6 13. Rxd6 Bxc4
14. Bf4 Ne8 15. Rd2 Bb5 (15... Be6 {was played in Balashov-Geller, Moscow 1969.
}) 16. Nxb5 axb5 17. b3 $6 Nc7 18. Be2 $2 ({The equality is kept by} 18. Be3 $1
f5 19. exf5 Nd5 $1 20. Bd4 gxf5) 18... f5 $1 {The strategic decision has
occurred. Black attacks on all fronts.} 19. Be3 ({The pointe is} 19. exf5 Nd5
$1 {(Timman).}) 19... f4 20. Bb6 Ne6 21. Nf1 c5 $1 22. Bxb5 Nd4 23. Rxd4 cxd4
24. Kb1 Rf6 25. Bc7 ({Or} 25. Bxd4 Rd6 {(Timman).}) 25... Re6 26. Nd2 Rc8 27.
Rc1 Bf8 28. Kb2 Bb4 29. Nb1 Bd6 30. Ba5 Rxc1 31. Kxc1 g5 32. h3 h5 33. Kd1 g4
34. hxg4 hxg4 35. fxg4 Nxg4 36. Nd2 Rg6 37. Ke2 Ne3 38. Kd3 Rxg2 39. Kxd4 b6
40. Bc3 Nd1 41. Bd3 Bc5+ 42. Kc4 Be3 43. Nf3 Rxa2 44. e5 Kf7 45. Ng5+ Kg7 46.
Bb1 Rg2 47. Nf3 b5+ 48. Kb4 Bc5+ 49. Kxc5 Nxc3 50. Bf5 Rg3 51. Nh4 f3 52. Bd3
Rh3 53. Nf5+ Kf8 54. Kd4 f2 55. Bf1 Rh1 56. Ng3 Rg1 57. Kxc3 Rxg3+ 58. Kb4 Ke7
59. Bxb5 Ke6 60. Ka4 Kxe5 0-1

[Event "Linares"]
[Site "10"]
[Date "1992.??.??"]
[Round "8"]
[White "Kasparov, Gary"]
[Black "Short, Nigel"]
[Result "1-0"]
[WhiteElo "2780"]
[BlackElo "2685"]
[Annotator "JvR"]
[PlyCount "95"]
[EventDate "1992.??.??"]

1. e4 e5 2. Nf3 Nc6 3. d4 exd4 4. Nxd4 Bc5 5. Be3 Qf6 6. c3 Nge7 7. Bc4 O-O 8.
O-O Bb6 9. Nc2 d6 10. Bxb6 axb6 11. f4 g5 $5 {Short makes a shocking move.} 12.
f5 $5 (12. Nba3 $1 Be6 13. Bxe6 Qxe6 14. Nb5 $1 {gains a plus.}) 12... Ne5 13.
Be2 Bd7 14. c4 g4 $6 (14... Ba4 $1 15. b3 Bc6 16. Qd4 {is preferred during the
postmortem.}) 15. Nc3 h5 16. Qd2 Kh8 17. Qf4 Bc6 18. Ne3 Nd7 $2 ({Right is} 
18... Rfe8 {(Kasparov).}) 19. Bxg4 $5 {The fun begins for White.} hxg4 20. Nxg4
Qh4 ({Or} 20... Qd4+ 21. Kh1 $1 {(Kasparov).}) 21. Rf3 Ng6 22. Qe3 Qxg4 23.
Qh6+ Kg8 24. Rh3 Qxh3 25. gxh3 Nge5 26. f6 Nxf6 27. Qxf6 Rae8 28. Kh1 Ng6 29.
h4 Re6 30. Qg5 Rfe8 31. h5 Re5 32. Qh6 Rxe4 33. Nxe4 Rxe4 34. Kg1 Ne5 35. Qg5+
Kh7 36. Qf5+ Kh6 37. Rf1 Re2 38. Qf6+ Kh7 39. Qg5 Be4 40. h6 Bg6 41. h4 Re4 42.
h5 Rg4+ 43. Qxg4 Nxg4 44. hxg6+ fxg6 45. Rf7+ Kxh6 46. Rxc7 Ne5 47. Rxb7 Nxc4
48. b3 {A third candidate has been defeated.} 1-0

[Event "Linares"]
[Site "10"]
[Date "1992.??.??"]
[Round "8"]
[White "Timman, Jan"]
[Black "Karpov, Anatoly"]
[Result "1-0"]
[WhiteElo "2620"]
[BlackElo "2725"]
[Annotator "JvR"]
[PlyCount "109"]
[EventDate "1992.??.??"]

1. e4 c6 2. d4 d5 3. e5 Bf5 4. h4 h5 5. c4 e6 6. Nc3 Nd7 7. Bg5 f6 8. exf6 gxf6
9. Be3 dxc4 10. Bxc4 Nb6 11. Be2 Bg6 12. Nh3 Bd6 13. Nf4 Bxf4 14. Bxf4 Ne7 15.
Qd2 Nbd5 16. Rd1 Nf5 17. Bd3 Kf7 18. Ne2 Qe7 19. a3 Rad8 20. Bg3 Qf8 21. O-O
Nfe7 22. Bc4 Bf5 23. Rfe1 Qh6 24. Qa5 a6 25. Nc3 Qh7 26. Rd2 Rhg8 27. Kh2 Rd7
28. Na4 Qh6 29. Rdd1 Rgd8 30. Bb3 Bg4 31. f3 Bf5 32. Re2 Rg8 33. Qe1 b6 34. Nc3
Nf4 35. Bxf4 Qxf4+ 36. g3 Qd6 37. Ne4 Qc7 38. Bc4 a5 39. Rc1 $2 Rxd4 $1 {Thank
you!} 40. Nxf6 $4 {Timman sacrifices in time trouble.} Kxf6 $4 ({Karpov misses
the win} 40... Rxh4+ $1 41. Kg2 Bh3+ {(Timman).}) 41. Rxe6+ $1 Bxe6 42. Qxe6+
Kg7 43. Qf7+ Kh6 44. Qf6+ Ng6 45. Qxd4 Re8 46. Bd3 Re6 47. Be4 c5 48. Qd2+ Kg7
49. Rd1 Qe5 50. Kh3 a4 51. Qd8 Ne7 52. Rd2 Rf6 53. Qe8 Rf8 54. Qxa4 Nf5 55. f4
{Kasparov had achieved 6/9. Beliavsky trailed by half-a-point and Timman by
one point.} 1-0

[Event "Linares"]
[Site "10"]
[Date "1992.??.??"]
[Round "9"]
[White "Anand, Viswanathan"]
[Black "Timman, Jan"]
[Result "1-0"]
[WhiteElo "2670"]
[BlackElo "2620"]
[Annotator "JvR"]
[PlyCount "65"]
[EventDate "1992.??.??"]

1. e4 Nf6 2. e5 Nd5 3. d4 d6 4. Nf3 g6 5. Bc4 Nb6 6. Bb3 Bg7 7. exd6 cxd6 8.
O-O O-O 9. Re1 Nc6 10. h3 Bf5 $5 11. Nc3 Rc8 12. Bg5 h6 13. Be3 d5 14. Ne2 Na5
$5 15. c3 Nbc4 16. Bc1 Qb6 $6 {Black plays too ambitiously.} 17. Nf4 Be4 $2 {
Pawn d5 is given the wrong protection.} ({Anand advices} 17... Qd6 $1 18. Nh4
Bd7 $6 ({even better is the tactical} 18... Be4 $1 19. f3 Nxb2 $1 20. Bxb2 Qxf4
21. fxe4 Qxh4 22. exd5 Nc4)) 18. Nd2 $1 Nxb3 19. Nxc4 Qa6 $1 20. Qxb3 dxc4 21.
Qd1 Bc6 22. Rxe7 Rfe8 23. Rxe8+ Rxe8 24. Be3 Qb5 $6 25. d5 $1 Bd7 ({The pointe
is} 25... Rd8 26. Bd4 $1 Bxd4 27. Qxd4 Qxb2 28. Re1 {(Anand).}) 26. Qd2 Bf8 27.
Bd4 Bf5 28. g4 Be4 29. Re1 $1 Qa4 30. b3 $1 cxb3 31. axb3 Qb5 32. Qe3 Bd6 33.
Nh5 1-0

[Event "Linares"]
[Site "10"]
[Date "1992.??.??"]
[Round "10"]
[White "Kasparov, Gary"]
[Black "Illescas Cordoba, Miguel"]
[Result "1-0"]
[WhiteElo "2780"]
[BlackElo "2555"]
[Annotator "JvR"]
[PlyCount "63"]
[EventDate "1992.??.??"]

1. e4 c5 2. Nf3 e6 3. d4 cxd4 4. Nxd4 Nc6 5. Nc3 Nf6 6. Nxc6 bxc6 7. e5 Nd5 8.
Ne4 Qc7 9. f4 Qb6 10. c4 Ne3 11. Qd3 Nf5 12. g4 Nd4 13. Bg2 h5 {The players
have reached the doubtful position from Jukic-Worsfold, Aarhus 1990. Kasparov
plays a novelty.} 14. g5 $1 Bb7 $6 (14... Nf5 {hinders white's development.})
15. Be3 $5 (15. Bd2 {is fine too.}) 15... Nc2+ $1 16. Kf2 Nxe3 17. Qxe3 Qxb2+
$6 ({Anand and Kasparov prefer} 17... c5 {but} 18. Rab1 $1 Rd8 19. g6 {is
great for White.}) 18. Kg3 Ba6 19. Rab1 h4+ 20. Kh3 Qc2 ({Not} 20... Qxa2 $2
21. Ra1 Qxc4 22. Bf1 {(Anand).}) 21. Rhc1 Qa4 22. Qc3 Ba3 23. Rc2 Be7 24. Rb3
O-O 25. Nf6+ $5 (25. Nd6 {is fine too (Kasparov).}) 25... gxf6 26. gxf6 Bc5 27.
Be4 Rfb8 28. Kxh4 {Square g3 is cleared of a mine.} Kf8 29. Rg2 Qxc4 {The
black king is lonely.} 30. Qxc4 (30. Qg3 Ke8 31. Qg8+ Bf8 32. Qxf8+ Kxf8 33.
Rbg3 {will also mate.}) 30... Bxc4 31. Bh7 Bf2+ ({Or} 31... Ke8 32. Rg8+ Bf8
33. Rxf8+ $1 Kxf8 34. Rg3 {and mate (Kasparov).}) 32. Kh5 1-0

[Event "Linares"]
[Site "10"]
[Date "1992.??.??"]
[Round "10"]
[White "Timman, Jan"]
[Black "Speelman, Jonathan"]
[Result "1-0"]
[WhiteElo "2620"]
[BlackElo "2630"]
[Annotator "JvR"]
[PlyCount "181"]
[EventDate "1992.??.??"]

1. d4 Nf6 2. c4 e6 3. Nf3 d5 4. Nc3 Nbd7 5. cxd5 exd5 6. Bf4 c6 7. Qc2 Be7 8.
h3 O-O 9. e3 Ne4 $5 10. Bd3 $1 ({Timman avoids} 10. Nxe4 dxe4 11. Qxe4 Bb4+ 12.
Nd2 Bxd2+ 13. Kxd2 Nf6) 10... f5 11. O-O Bf6 12. b4 a6 13. Na4 Re8 14. Rab1 Nf8
15. Rfc1 g5 16. Bh2 Ng6 17. Nc5 h5 18. Nd2 g4 19. Nf1 Bh4 20. hxg4 hxg4 21.
Nxe4 fxe4 22. Be2 Rf8 23. Ng3 Bd7 24. a4 Qg5 25. b5 axb5 26. axb5 Rxf2 $1 {
Speelman wishes to force a draw.} 27. Kxf2 Rf8+ 28. Ke1 Qxe3 29. Rb3 Qf2+ 30.
Kd1 Qxd4+ 31. Qd2 Qxd2+ 32. Kxd2 Bg5+ 33. Kd1 Bxc1 34. bxc6 Bxc6 $2 ({But} 
34... bxc6 35. Kxc1 Rf2 {even gains an advantage.}) 35. Kxc1 Rf2 36. Bf1 Nf4
37. Bg1 Ra2 38. Kb1 Ra8 39. Nf5 Rf8 40. Nh6+ Kg7 41. Bc5 $1 Rd8 42. Nxg4 d4 43.
Bb6 Rd7 44. g3 Ne6 45. Kc1 d3 46. Be3 Nd4 $1 47. Rb2 Nf5 48. Bf4 Rd5 49. Kd2
Ra5 50. Ne3 Nd4 51. Bg2 Kf6 52. Nc4 Rc5 53. Nd6 Nb3+ 54. Ke3 $2 ({Correct is} 
54. Rxb3) 54... Rc2 $2 (54... d2 $1 55. Ke2 e3 56. Bxe3 Bxg2 57. Rxb3 d1=Q+ 58.
Kxd1 Rd5+ {draws.}) 55. Nxe4+ $2 (55. Rxb3 {is better again (Timman).}) 55...
Bxe4 56. Kxe4 Nc5+ 57. Kd5 Rxb2 58. Be5+ Kg5 59. Bxb2 Kg4 60. Bf1 b6 $2 ({
Speelman misses the escape} 60... Kf3 $1 61. Bc3 Ne4 {under time pressure 
(Timman).}) 61. Be5 Kf3 62. Bf4 d2 63. Bxd2 Ne4 64. Bh6 Nxg3 65. Bd3 b5 66.
Bxb5 Nf5 67. Bf8 Ne3+ 68. Kd4 Ng2 {Kling and Horwitz regarded this position as
drawn in 1851. Chess program Belle proved the win for the attacker in 1983.}
69. Kd3 Nf4+ 70. Kd2 Ng2 71. Bc6+ Kf2 72. Bd6 Nh4 73. Bc5+ Kg3 74. Bb6 Ng2 75.
Bd5 Nh4 76. Ke2 $1 Kf4 77. Bb3 Nf5 78. Bc7+ Kg5 79. Be5 $1 {The knight should
not jump to g7.} Kg4 80. Bc2 Ng3+ 81. Kf2 Nf5 82. Bd1+ Kg5 83. Kf3 Nh4+ 84. Ke4
Nf5 85. Ba4 Ne7 86. Bd6 Ng8 87. Bf4+ Kg6 88. Ke5 Nf6 89. Bb5 Kf7 90. Bc4+ Kg6
91. Ke6 {Speelman has had enough. White wins the knight in fourteen moves
according to the modern theory. Therefore, he does not overstep the
fifty-moves-rule.} 1-0

[Event "Linares"]
[Site "10"]
[Date "1992.??.??"]
[Round "11"]
[White "Jussupow, Artur"]
[Black "Kasparov, Gary"]
[Result "0-1"]
[WhiteElo "2655"]
[BlackElo "2780"]
[Annotator "JvR"]
[PlyCount "118"]
[EventDate "1992.??.??"]

1. d4 Nf6 2. Nf3 g6 3. c4 Bg7 4. g3 O-O 5. Bg2 d6 6. O-O Nbd7 7. Nc3 e5 8. e4
c6 9. Be3 Ng4 10. Bg5 Qb6 11. h3 exd4 12. Na4 Qa6 13. hxg4 b5 14. Be7 ({The
tactical} 14. Nxd4 bxa4 15. Nxc6 $1 Qxc6 16. e5 Qxc4 17. Bxa8 Nxe5 {stems from
Botvinnik-Smyslov, Moscow 1954.}) 14... Re8 15. Bxd6 bxa4 16. e5 c5 $1 ({Gary
diverts from} 16... Qxc4 {(Jancovec-Jansa, Havirov 1970).}) 17. b4 $6 ({Better
is} 17. Nxd4 $1 Bb7 18. Bxb7 Qxb7 {(Kasparov)} 19. Qf3 $1 $11) 17... cxb4 18.
Qxd4 Bb7 19. Rae1 $6 {White moves the wrong rook.} Rac8 20. c5 Qb5 21. Qf4 Bxf3
22. Bxf3 Nxc5 23. Be2 Qb6 24. Rc1 Ne6 25. Qxb4 Nd4 26. Bc4 Bxe5 27. Qxb6 axb6
28. Bxe5 Nf3+ 29. Kg2 Nxe5 30. Bb5 Rxc1 31. Rxc1 Rd8 32. Bxa4 $2 {Jussupow
misses the forced draw.} (32. g5 $1 Rd2 33. Re1 Nd3 34. Bxd3 Rxd3 35. Re4 b5
36. Re5 Ra3 37. Rxb5 Rxa2 38. Rb7 {White draws despite the loss of a pawn.})
32... Rd2 33. g5 Rxa2 34. Rc8+ Kg7 35. Bb3 Rb2 36. Rc3 b5 37. Re3 Ng4 38. Rf3
f5 39. gxf6+ Nxf6 40. Rd3 $2 (40. Be6 {gives the last chance.}) 40... Ne4 41.
Rd7+ Kh6 42. Bg8 Rxf2+ 43. Kg1 Rb2 44. Rxh7+ Kg5 45. Rb7 Kg4 46. Kf1 g5 47. Bh7
Nc3 48. Rc7 b4 49. Rc5 Rd2 50. Ke1 Re2+ 51. Kf1 Rd2 52. Ke1 Rd5 53. Rxd5 Nxd5
54. Kd2 Kxg3 55. Be4 Nb6 56. Kd3 g4 57. Bc6 Kf2 58. Kc2 Nc4 59. Bd7 g3 0-1

[Event "Linares"]
[Site "10"]
[Date "1992.??.??"]
[Round "11"]
[White "Short, Nigel"]
[Black "Timman, Jan"]
[Result "0-1"]
[WhiteElo "2685"]
[BlackElo "2620"]
[Annotator "JvR"]
[PlyCount "56"]
[EventDate "1992.??.??"]

1. e4 e5 2. Nf3 Nc6 3. Nc3 Nf6 4. Bb5 Nd4 5. Ba4 Bc5 6. Nxe5 O-O 7. Nd3 Bb6 8.
e5 Ne8 9. Nd5 d6 10. Ne3 Qg5 11. f4 Qg6 12. O-O f6 13. exd6 Nxd6 14. Nf2 N4f5
15. Nd5 Kh8 16. Nxb6 axb6 17. c3 $2 ({Correct is} 17. Bb3 $1) 17... Rxa4 $1 18.
Qxa4 Nh4 19. g3 Nf3+ 20. Kg2 Nh4+ 21. Kg1 Nf3+ 22. Kg2 Be6 $1 23. Nh1 $5 ({The
main point is} 23. Kxf3 $4 Bd5+ 24. Ke2 Re8+ 25. Kd1 Bf3#) 23... Bd5 24. Rxf3
Nf5 25. Nf2 Nh4+ 26. Kf1 Nxf3 27. d3 Nxh2+ 28. Ke2 Bc6 0-1